MARC details
| 000 -LEADER |
| fixed length control field |
01994cas a2200493 a 4500 |
| 001 - CONTROL NUMBER |
| control field |
11474172 |
| 003 - CONTROL NUMBER IDENTIFIER |
| control field |
OSt |
| 005 - DATE AND TIME OF LATEST TRANSACTION |
| control field |
20150508083457.0 |
| 008 - FIXED-LENGTH DATA ELEMENTS--GENERAL INFORMATION |
| fixed length control field |
940418c19929999enkar 0 a0eng d |
| 010 ## - LIBRARY OF CONGRESS CONTROL NUMBER |
| LC control number |
96660612 |
| 035 ## - SYSTEM CONTROL NUMBER |
| System control number |
(OCoLC)ocm30207789 |
| 040 ## - CATALOGING SOURCE |
| Original cataloging agency |
NcD-L |
| Transcribing agency |
NcD-L |
| Modifying agency |
DLC |
| -- |
OCoLC |
| -- |
NLGGC |
| -- |
CaQQL |
| -- |
OCoLC |
| -- |
NNU-L |
| 042 ## - AUTHENTICATION CODE |
| Authentication code |
lc |
| 043 ## - GEOGRAPHIC AREA CODE |
| Geographic area code |
e-uk--- |
| 050 00 - LIBRARY OF CONGRESS CALL NUMBER |
| Classification number |
KD8329 |
| Item number |
.A812 |
| 082 00 - DEWEY DECIMAL CLASSIFICATION NUMBER |
| Classification number |
345.05 ARC |
| Edition number |
20 |
| 245 00 - TITLE STATEMENT |
| Title |
Archbold : |
| Remainder of title |
pleading, evidence, and practice in criminal cases. |
| 246 30 - VARYING FORM OF TITLE |
| Title proper/short title |
Pleading, evidence, and practice in criminal cases |
| 246 30 - VARYING FORM OF TITLE |
| Title proper/short title |
Criminal pleading, evidence and practice |
| 246 18 - VARYING FORM OF TITLE |
| Title proper/short title |
Archbold criminal pleading, evidence & practice |
| 260 ## - PUBLICATION, DISTRIBUTION, ETC. (IMPRINT) |
| Place of publication, distribution, etc |
London : |
| Name of publisher, distributor, etc |
Sweet & Maxwell, |
| Date of publication, distribution, etc |
2006. |
| 300 ## - PHYSICAL DESCRIPTION |
| Extent |
cdxxv, 3070p. ; |
| Dimensions |
25 cm. |
| 310 ## - CURRENT PUBLICATION FREQUENCY |
| Current publication frequency |
Annual |
| 362 0# - DATES OF PUBLICATION AND/OR SEQUENTIAL DESIGNATION |
| Dates of publication and/or sequential designation |
1992- |
| 515 ## - NUMBERING PECULIARITIES NOTE |
| Numbering peculiarities note |
Each annual ed. consists of 2 vols. and an unnumbered vol.: Tables & index. |
| 525 ## - SUPPLEMENT NOTE |
| Supplement note |
Kept up-to-date by cumulative supplements and revised vols., and issues of: Archbold news (1991-200?), and: Archbold review (2010-). |
| 580 ## - LINKING ENTRY COMPLEXITY NOTE |
| Linking entry complexity note |
The 1st-43th eds. published as monographs. |
| 590 ## - LOCAL NOTE (RLIN) |
| Local note |
SERBIB/SERLOC merged record |
| 650 #0 - SUBJECT ADDED ENTRY--TOPICAL TERM |
| Topical term or geographic name as entry element |
Criminal procedure |
| Geographic subdivision |
Great Britain |
| Form subdivision |
Periodicals. |
| 9 (RLIN) |
797 |
| 650 #0 - SUBJECT ADDED ENTRY--TOPICAL TERM |
| Topical term or geographic name as entry element |
Evidence, Criminal |
| Geographic subdivision |
Great Britain |
| Form subdivision |
Periodicals. |
| 9 (RLIN) |
798 |
| 650 #0 - SUBJECT ADDED ENTRY--TOPICAL TERM |
| Topical term or geographic name as entry element |
Pleading (Criminal procedure) |
| Geographic subdivision |
Great Britain |
| Form subdivision |
Periodicals. |
| 9 (RLIN) |
799 |
| 650 17 - SUBJECT ADDED ENTRY--TOPICAL TERM |
| Topical term or geographic name as entry element |
Strafprocesrecht. |
| Source of heading or term |
gtt |
| 9 (RLIN) |
197 |
| 650 17 - SUBJECT ADDED ENTRY--TOPICAL TERM |
| Topical term or geographic name as entry element |
Bewijsrecht. |
| Source of heading or term |
gtt |
| 9 (RLIN) |
800 |
| 650 17 - SUBJECT ADDED ENTRY--TOPICAL TERM |
| Topical term or geographic name as entry element |
Strafrecht. |
| Source of heading or term |
gtt |
| 650 #6 - SUBJECT ADDED ENTRY--TOPICAL TERM |
| Topical term or geographic name as entry element |
Procédure pénale |
| Geographic subdivision |
Grande-Bretagne |
| Form subdivision |
Périodiques. |
| 9 (RLIN) |
801 |
| 650 #6 - SUBJECT ADDED ENTRY--TOPICAL TERM |
| Topical term or geographic name as entry element |
Preuve (Droit pénal) |
| Geographic subdivision |
Grande-Bretagne |
| Form subdivision |
Périodiques. |
| 9 (RLIN) |
802 |
| 650 #6 - SUBJECT ADDED ENTRY--TOPICAL TERM |
| Topical term or geographic name as entry element |
Plaidoirie |
| Geographic subdivision |
Grande-Bretagne |
| Form subdivision |
Périodiques. |
| 9 (RLIN) |
803 |
| 700 1# - ADDED ENTRY--PERSONAL NAME |
| Personal name |
Archbold, John Frederick, |
| Dates associated with a name |
1785-1870. |
| 9 (RLIN) |
804 |
| 770 1# - SUPPLEMENT/SPECIAL ISSUE ENTRY |
| Title |
Archbold news |
| International Standard Serial Number |
0961-4249 |
| Record control number |
(OCoLC)23441480 |
| 770 1# - SUPPLEMENT/SPECIAL ISSUE ENTRY |
| Title |
Archbold review |
| Record control number |
(DLC) 2010247015 |
| -- |
(OCoLC)537556071 |
| 906 ## - LOCAL DATA ELEMENT F, LDF (RLIN) |
| a |
7 |
| b |
cbc |
| c |
serials |
| d |
u |
| e |
ncip |
| f |
19 |
| g |
n-oclcserc |
| 942 ## - ADDED ENTRY ELEMENTS (KOHA) |
| Source of classification or shelving scheme |
Dewey Decimal Classification |
| Koha item type |
Books |